| 000 -LEADER |
| fixed length control field |
01644cam a22003734i 4500 |
| 001 - CONTROL NUMBER |
| control field |
16500714 |
| 003 - CONTROL NUMBER IDENTIFIER |
| control field |
OSt |
| 005 - DATE AND TIME OF LATEST TRANSACTION |
| control field |
20180116192408.0 |
| 008 - FIXED-LENGTH DATA ELEMENTS--GENERAL INFORMATION |
| fixed length control field |
101014t20112011maua | b 001 0 eng |
| 010 ## - LIBRARY OF CONGRESS CONTROL NUMBER |
| LC control number |
2010043542 |
| 020 ## - INTERNATIONAL STANDARD BOOK NUMBER |
| International Standard Book Number |
9781405154017 (hardcover : alk. paper) |
| 020 ## - INTERNATIONAL STANDARD BOOK NUMBER |
| International Standard Book Number |
1405154012 (hardcover : alk. paper) |
| 020 ## - INTERNATIONAL STANDARD BOOK NUMBER |
| International Standard Book Number |
9781405154024 (pbk. : alk. paper) |
| 020 ## - INTERNATIONAL STANDARD BOOK NUMBER |
| International Standard Book Number |
1405154020 (pbk. : alk. paper) |
| 035 ## - SYSTEM CONTROL NUMBER |
| System control number |
(OCoLC)ocn670324882 |
| 040 ## - CATALOGING SOURCE |
| Original cataloging agency |
DLC |
| Transcribing agency |
DLC |
| Description conventions |
rda |
| Modifying agency |
YDX |
| -- |
ERASA |
| -- |
YDXCP |
| -- |
YBM |
| -- |
CDX |
| -- |
BWX |
| -- |
DLC |
| 042 ## - AUTHENTICATION CODE |
| Authentication code |
pcc |
| 043 ## - GEOGRAPHIC AREA CODE |
| Geographic area code |
f------ |
| -- |
a------ |
| 050 00 - LIBRARY OF CONGRESS CALL NUMBER |
| Classification number |
N6260 |
| Item number |
.I823 2011 |
| 082 00 - DEWEY DECIMAL CLASSIFICATION NUMBER |
| Classification number |
709.1767 ISL 2011 |
| Edition number |
22 |
| 245 00 - TITLE STATEMENT |
| Title |
Islamic Art and Visual Culture : |
| Remainder of title |
An Anthology of Sources / |
| Statement of responsibility, etc. |
Edited by D. Fairchild Ruggles. |
| 260 ## - PUBLICATION, DISTRIBUTION, ETC. |
| Place of publication, distribution, etc. |
Malden, MA : |
| Name of publisher, distributor, etc. |
Wiley-Blackwell, |
| Date of publication, distribution, etc. |
c2011. |
| 300 ## - PHYSICAL DESCRIPTION |
| Extent |
ix, 186 pages : |
| Other physical details |
illustrations ; |
| Dimensions |
26 cm |
| 500 ## - GENERAL NOTE |
| General note |
"This edition first published 2011." |
| 504 ## - BIBLIOGRAPHY, ETC. NOTE |
| Bibliography, etc. note |
Includes bibliographical references and index. |
| 505 0# - FORMATTED CONTENTS NOTE |
| Formatted contents note |
Foundations: religious, political, Juridical, and administrative documents from early Islam and place in transition -- Behavior, gifts, treasuries, and collections -- Art -- Space: architecture and urbanism -- Places. |
| 650 #0 - SUBJECT ADDED ENTRY--TOPICAL TERM |
| Topical term or geographic name entry element |
Islamic art and symbolism |
| General subdivision |
History |
| Form subdivision |
Sources. |
| 9 (RLIN) |
1086 |
| 650 #0 - SUBJECT ADDED ENTRY--TOPICAL TERM |
| Topical term or geographic name entry element |
Art and society |
| Geographic subdivision |
Islamic countries |
| General subdivision |
History |
| Form subdivision |
Sources. |
| 9 (RLIN) |
1087 |
| 700 1# - ADDED ENTRY--PERSONAL NAME |
| Personal name |
Ruggles, D. Fairchild. |
| 9 (RLIN) |
1088 |
| 906 ## - LOCAL DATA ELEMENT F, LDF (RLIN) |
| a |
7 |
| b |
cbc |
| c |
orignew |
| d |
1 |
| e |
ecip |
| f |
20 |
| g |
y-gencatlg |
| 942 ## - ADDED ENTRY ELEMENTS (KOHA) |
| Source of classification or shelving scheme |
|
| Koha item type |
Book |